[Event "Mohamed Slama Mem 2013"]
[Site "Monastir TUN"]
[Date "2013.09.09"]
[Round "1.12"]
[White "Djaballah,F"]
[Black "Zaibi,A"]
[Result "0-1"]
[WhiteElo "2017"]
[BlackElo "2227"]

1.e4 c5 2.Nf3 e6 3.d4 cxd4 4.Nxd4 Nc6 5.Nc3 Qc7 6.Be2 a6 7.O-O Nf6 8.Kh1 Nxd4
9.Qxd4 Bc5 10.Qd3 b5 11.f4 Bb7 12.e5 Nd5 13.Nxd5 Bxd5 14.Qg3 g6 15.a4 b4
16.Bd2 d6 17.c3 dxe5 18.fxe5 bxc3 19.Bxc3 Qb7 20.b4 Bxb4 21.Rab1 Bxg2+ 22.Qxg2 Qxg2+
23.Kxg2 Bxc3 24.Bxa6 O-O 25.Bb5 Bxe5 26.Rf2 Ra7 27.Re1 Bd4 28.Ra2 Rd8 29.Rd2 Bb6
30.Rxd8+ Bxd8 31.Kf3 Kf8 32.h3 Ke7 33.Re2 Ba5 34.Rg2 Rc7 35.Ke4 Rc3 36.Rh2 Bb6
37.Rh1 g5  0-1

[Event "FSIM Sept 2013"]
[Site "Budapest HUN"]
[Date "2013.09.11"]
[Round "5.6"]
[White "Moeldner,J"]
[Black "Verstraeten,R"]
[Result "0-1"]
[WhiteElo "2273"]
[BlackElo "2298"]

1.e4 c5 2.Nf3 Nc6 3.d4 cxd4 4.Nxd4 e6 5.Nc3 d6 6.Be3 a6 7.Be2 Nf6 8.O-O Be7
9.Qd2 O-O 10.f4 Qc7 11.f5 Nxd4 12.Bxd4 b5 13.a3 Bb7 14.Bd3 e5 15.Be3 Ng4
16.Kh1 Nxe3 17.Qxe3 Rfd8 18.f6 Bxf6 19.Rxf6 gxf6 20.Qg3+ Kh8 21.Qh4 Rg8 22.Rf1 Qd8
23.Qh5 Rg7 24.Nd5 Bxd5 25.exd5 f5 26.Rxf5 Qe7 27.Qf3 Re8 28.Be4 Qh4 29.g3 Rxg3
30.Qxg3 Qxe4+ 31.Qf3 Qxf3+ 32.Rxf3 Kg7 33.Rc3 e4 34.Kg1 Re5 35.Rc6 Rxd5 36.Rxa6 f5
37.Kf2 Kf6 38.Ke2 f4 39.a4 Ke5 40.a5 b4 41.Ra7 Kd4 42.a6 Rh5 43.Rd7 Rxh2+
44.Kf1 Rxc2 45.Rxd6+ Ke3 46.a7 Rc1+ 47.Kg2 Ra1  0-1

[Event "Satka Autumn 2013"]
[Site "Satka RUS"]
[Date "2013.09.11"]
[Round "9"]
[White "Bodnaruk,A"]
[Black "Alekseeva,Irina"]
[Result "1-0"]
[WhiteElo "2462"]
[BlackElo "1921"]

1.e4 c5 2.Nf3 e6 3.Nc3 Nc6 4.d4 cxd4 5.Nxd4 Nf6 6.Ndb5 Bc5 7.Bf4 O-O 8.Be2 a6
9.Nd6 Qb6 10.O-O Qxb2 11.Na4 Qd4 12.Nxc5 Qxc5 13.Be3 Qa5 14.a4 Ne8 15.Nc4 Qb4
16.Rb1 Qe7 17.Nb6 Rb8 18.Nxc8 Rxc8 19.Rxb7 Qa3 20.Qa1 Qxa1 21.Rxa1 a5 22.Bc5 Nd8
23.Rb5 d6 24.Ba3 Rxc2 25.Bd1 Rd2 26.Rxa5 Nc6 27.Ra6 Ne5 28.a5 Nc4 29.Bb4 Rd4
30.Bc3 Rd3 31.Rc1 d5 32.Be2 Nc7 33.Rc6 Rxc3 34.Rxc3 Nb5 35.R3xc4 dxc4 36.Bxc4 Na7
37.Rc7 Ra8 38.Ba6 Kf8 39.Kf1 h6 40.Ke2 g6 41.Kd3 Ke8 42.Kc4 f5 43.exf5 exf5
44.Kc5 Kd8 45.Kd6 g5 46.Rh7  1-0

[Event "Alushta Autumn 4 2013"]
[Site "Alushta UKR"]
[Date "2013.09.12"]
[Round "2"]
[White "Bajarani,U"]
[Black "Yarmysty,M"]
[Result "1-0"]
[WhiteElo "2436"]
[BlackElo "2347"]

1.e4 c5 2.Nf3 e6 3.d4 cxd4 4.Nxd4 Nc6 5.Nc3 Qc7 6.Be2 Nf6 7.O-O a6 8.Be3 Be7
9.f4 d6 10.Qe1 O-O 11.Qg3 Nxd4 12.Bxd4 b5 13.a3 Bb7 14.Bd3 Rfd8 15.Kh1 Rd7
16.Rae1 Re8 17.Re2 Qd8 18.Qh3 g6 19.Nd1 d5 20.e5 Ne4 21.Nf2 f5 22.exf6 Bxf6
23.Bxf6 Qxf6 24.Ng4 Qxb2 25.c3 Qxc3 26.Bxe4 Qxh3 27.gxh3 Kg7 28.Bg2 Rc7 29.Rfe1 h5
30.Ne5 Rf8 31.Bf3 Rxf4 32.Rg1 Rxf3 33.Nxf3 d4 34.Rf1 Rc3 35.Ref2 Rxa3 36.Kg1 Bxf3
37.Rxf3 Rxf3 38.Rxf3 b4 39.Rf1 a5 40.Ra1 Kf6 41.Rxa5 e5 42.Rb5 Kf5 43.Kf2 Kf4
44.Rxb4 h4 45.Rb6 Kf5 46.Ke2 e4 47.Rd6  1-0

[Event "52nd World Juniors"]
[Site "Kocaeli TUR"]
[Date "2013.09.13"]
[Round "1.48"]
[White "Arvola,B"]
[Black "Baasansuren,Erdene"]
[Result "1-0"]
[WhiteElo "2354"]
[BlackElo "1844"]

1.e4 c5 2.Nf3 e6 3.d4 cxd4 4.Nxd4 Nc6 5.Nc3 Qc7 6.Be2 Nf6 7.O-O a6 8.Kh1 Bb4
9.Nxc6 bxc6 10.Qd4 Bd6 11.Be3 Be5 12.Qd3 d5 13.f4 Bxc3 14.Qxc3 O-O 15.exd5 Nxd5
16.Qc5 Nxe3 17.Qxe3 c5 18.Bc4 g6 19.Rae1 Bb7 20.Qe5 Qc6 21.Rf2 Rad8 22.h4 Rd4
23.b3 h5 24.Qf6 Rd7 25.Re5 Qd6 26.Bd3 Qd4 27.Rfe2 Bd5 28.Kh2 Ra7 29.R2e3 Re8
30.Rg3 Ree7 31.Bxg6 fxg6 32.Qxg6+ Rg7 33.Qe8+ Kh7 34.Rxh5+  1-0

[Event "52nd World Juniors"]
[Site "Kocaeli TUR"]
[Date "2013.09.13"]
[Round "1.3"]
[White "Fang,Yan"]
[Black "Cori,J"]
[Result "1/2-1/2"]
[WhiteElo "2281"]
[BlackElo "2587"]

1.e4 c5 2.Nf3 e6 3.d4 cxd4 4.Nxd4 Nc6 5.Nc3 Qc7 6.g3 a6 7.Bg2 Nf6 8.O-O Nxd4
9.Qxd4 Bc5 10.Bf4 d6 11.Qd2 h6 12.Rad1 e5 13.Be3 Be6 14.Bxc5 dxc5 15.f4 O-O
16.Qd6 Rac8 17.Qxc7 Rxc7 18.Rd6 Re8 19.f5 Bd7 20.Nd5 Nxd5 21.exd5 e4 22.g4 c4
23.c3 Ba4 24.Kf2 e3+ 25.Ke2 Bc2 26.Rf4 Bd3+ 27.Ke1 b5 28.Rb6 Rd8 29.d6 Ra7
30.Rd4 h5 31.h3 Kh7 32.Rb7 Rxb7 33.Bxb7 a5 34.Ba6 hxg4 35.hxg4 b4 36.cxb4 axb4
37.Bxc4 Bxc4 38.Rxc4 b3 39.axb3 Rxd6 40.Ke2 Rd2+ 41.Kxe3 Rxb2 42.Rc3 g6 43.Kf4 Kg7
44.fxg6 Kxg6 45.Rc6+  1/2-1/2

[Event "52nd World Juniors"]
[Site "Kocaeli TUR"]
[Date "2013.09.13"]
[Round "1.9"]
[White "Yurtseven,M"]
[Black "Sethuraman,S"]
[Result "0-1"]
[WhiteElo "2262"]
[BlackElo "2553"]

1.e4 c5 2.Nf3 e6 3.d4 cxd4 4.Nxd4 Nc6 5.Nc3 Qc7 6.Be3 a6 7.Be2 Nf6 8.O-O Be7
9.f4 d6 10.g4 h6 11.h4 Nxd4 12.Qxd4 e5 13.Qd1 exf4 14.Rxf4 Be6 15.Nd5 Bxd5
16.exd5 Nd7 17.Bd4 O-O 18.Bd3 Bxh4 19.Qf3 Rae8 20.Rf1 Ne5 21.Bxe5 Rxe5 22.Rf5 Qc5+
23.Kh1 Re3 24.Qf4 Bg3 25.b4 Qa7 26.Qc4 b5 27.Qc6 Qe7 28.Kg2 Qh4 29.Rh1 Qxg4  0-1

[Event "52nd World Juniors"]
[Site "Kocaeli TUR"]
[Date "2013.09.14"]
[Round "2.34"]
[White "Narayanan,Sri"]
[Black "Zeydan,Salih"]
[Result "1-0"]
[WhiteElo "2483"]
[BlackElo "1968"]

1.e4 c5 2.Nf3 e6 3.d4 cxd4 4.Nxd4 Nc6 5.Nc3 Qc7 6.Be2 a6 7.O-O Nf6 8.Be3 Be7
9.f4 d6 10.Qe1 Nxd4 11.Bxd4 e5 12.fxe5 dxe5 13.Qg3 Bc5 14.Bxc5 Qxc5+ 15.Kh1 Kf8
16.Nd5 Nxd5 17.Qxe5 Qe7 18.Qxd5 Be6 19.Qh5 Rc8 20.Bd3 Bc4 21.Bxc4 Rxc4 22.Rad1 Rc8
23.e5 Re8 24.Rd3 g6 25.Qh6+ Kg8 26.Rdf3 Rf8 27.Re3 f5 28.exf6 Rxf6 29.Rfe1 Qf8
30.Re8 Rf1+ 31.Rxf1 Qxe8 32.Qg5 Qe6 33.Qd8+ Kg7 34.Qd4+ Kg8 35.h3 h6 36.Qd8+ Kg7
37.Qc7+ Kg8 38.Qxb7 h5 39.a4 h4 40.Qb8+ Kg7 41.Qc7+ Kg8 42.Qd8+ Kg7 43.Qd4+ Kg8
44.Qf6 Qe8 45.Qxa6 Rh5 46.Qc4+ Kg7 47.a5 Qe7 48.a6  1-0

[Event "1st League Cent-SRB 2013"]
[Site "Kragujevac SRB"]
[Date "2013.09.14"]
[Round "1.2"]
[White "Zajic,Milan"]
[Black "Tosic,M"]
[Result "1/2-1/2"]
[WhiteElo "2302"]
[BlackElo "2412"]

1.e4 c5 2.Nf3 e6 3.d4 cxd4 4.Nxd4 Nc6 5.Nc3 d6 6.Be2 Nf6 7.O-O Be7 8.Be3 Bd7
9.f4 O-O 10.Kh1 a6 11.Qe1 b5 12.a3 Qb8  1/2-1/2

[Event "ch-Vienna State 2013"]
[Site "Vienna AUT"]
[Date "2013.09.14"]
[Round "8.2"]
[White "Wallner,J"]
[Black "Fauland,A"]
[Result "0-1"]
[WhiteElo "2384"]
[BlackElo "2439"]

1.e4 c5 2.Nf3 e6 3.d4 cxd4 4.Nxd4 Nc6 5.Nc3 Qc7 6.g3 a6 7.Bg2 d6 8.O-O Bd7
9.Re1 Be7 10.Nxc6 Bxc6 11.Qg4 h5 12.Qe2 h4 13.a4 hxg3 14.hxg3 Kf8 15.Bf4 e5
16.Be3 Rc8 17.b4 Nf6 18.Rec1 Bd7 19.Nd5 Nxd5 20.exd5 Qc4 21.Qxc4 Rxc4 22.c3 f5
23.Bf1 Rg4 24.Be2 f4 25.Bxg4 Bxg4 26.f3 Bxf3 27.gxf4 e4 28.Kf2 Bh4+ 29.Kf1 Bg3
30.Rc2 Rh1+ 31.Bg1 e3 32.c4 Be4 33.Re2 Bd3 34.Kg2 Bxe2 35.Kxg3 Bxc4 36.Rc1 e2
37.Kf2 b5 38.axb5 axb5 39.Ke3 Kf7 40.Kd2 Rh5  0-1

[Event "TCh-POL Ekstraliga 2013"]
[Site "Katowice POL"]
[Date "2013.09.15"]
[Round "9.2"]
[White "Kryvoruchko,Y"]
[Black "Hnydiuk,A"]
[Result "1-0"]
[WhiteElo "2659"]
[BlackElo "2409"]

1.e4 c5 2.Nf3 e6 3.d4 cxd4 4.Nxd4 Nc6 5.Nc3 a6 6.Nxc6 bxc6 7.Bd3 d5 8.O-O Nf6
9.Re1 Be7 10.e5 Nd7 11.Qg4 g6 12.Bh6 Rb8 13.Nd1 Rb4 14.c4 dxc4 15.Bxc4 Nb6
16.Ne3 Rxb2 17.Bb3 Rd2 18.Qf3 Bb7 19.Ng4 Rd3 20.Re3 Rxe3 21.fxe3 Qc7 22.Rf1  1-0

[Event "52nd World Juniors"]
[Site "Kocaeli TUR"]
[Date "2013.09.15"]
[Round "3.23"]
[White "Fang,Yan"]
[Black "Ter Sahakyan,S"]
[Result "1-0"]
[WhiteElo "2281"]
[BlackElo "2575"]

1.e4 c5 2.Nf3 Nc6 3.d4 cxd4 4.Nxd4 e6 5.Nc3 d6 6.Be3 Nf6 7.Bc4 Be7 8.Qe2 a6
9.O-O-O Qc7 10.Bb3 O-O 11.g4 Nd7 12.Rhg1 Nc5 13.g5 b5 14.Qh5 g6 15.Qh6 Re8
16.Nxc6 Bf8 17.Qh4 Qxc6 18.Bd4 Nxb3+ 19.axb3 e5 20.Nd5 Re6 21.Bc3 Bg7 22.f4 b4
23.f5 bxc3 24.fxe6 cxb2+ 25.Kb1 Ra7 26.e7 Be6 27.Nf6+ Bxf6 28.Rxd6  1-0

[Event "52nd World Juniors"]
[Site "Kocaeli TUR"]
[Date "2013.09.15"]
[Round "3.1"]
[White "Pavlidis,Ant"]
[Black "Yu Yangyi"]
[Result "0-1"]
[WhiteElo "2471"]
[BlackElo "2662"]

1.e4 c5 2.Nf3 e6 3.d4 cxd4 4.Nxd4 Nc6 5.Nc3 d6 6.g4 h6 7.Be3 Nf6 8.h3 d5
9.exd5 Nxd5 10.Nxd5 Qxd5 11.Rg1 Bd7 12.Bg2 Qa5+ 13.Qd2 Bb4 14.c3 Be7 15.Nb3 Qc7
16.Bc5 Bg5 17.Qd6 O-O-O 18.Rd1 Bf4 19.Qxc7+ Kxc7 20.Ke2 g5 21.c4 h5 22.Be3 Bxe3
23.Kxe3 hxg4 24.hxg4 Ne5 25.Bf1 Rh4 26.Be2 Rdh8 27.Nd4 Rh3+ 28.Rg3 Rxg3+
29.fxg3 Rh2 30.Rf1 Kd6 31.Rg1 a5 32.Nb3 a4 33.Rd1+ Ke7 34.Nd2 Bc6 35.b4 axb3
36.axb3 Rg2 37.b4 Nxg4+ 38.Bxg4 Rxg3+ 39.Kd4 Rxg4+ 40.Kc5 f5 41.Nb3 f4 42.Nd4 f3  0-1

[Event "1st League Cent-SRB 2013"]
[Site "Kragujevac SRB"]
[Date "2013.09.15"]
[Round "2.3"]
[White "Milenkovic,Ml"]
[Black "Ilic,Zo1"]
[Result "1-0"]
[WhiteElo "2381"]
[BlackElo "2285"]

1.e4 c5 2.Nf3 e6 3.d4 cxd4 4.Nxd4 Nc6 5.Nc3 Qc7 6.Be3 a6 7.Bd3 Nf6 8.O-O b5
9.Qe2 Bb7 10.f4 Nxd4 11.Bxd4 Bc5 12.Bxc5 Qxc5+ 13.Kh1 b4 14.Nd1 O-O 15.Nf2 e5
16.Ng4 Nxg4 17.Qxg4 d6 18.b3 Rae8 19.f5 f6 20.Bc4+ Kh8 21.Rad1 a5 22.Rf3 Re7
23.Rh3 h6 24.Qg6 d5 25.exd5 Qd6 26.Qg4 Bc8 27.Qe4 Bd7 28.g4 Be8 29.Rg3 Bd7
30.h4 Ref7 31.Kg2 Bc8 32.Rd2 Re7 33.Rf2 Ref7 34.c3 Kg8 35.Be2 bxc3 36.Rxc3 Bb7
37.Bc4 Rd8 38.Rd3 Kf8 39.Kh3 Rc7 40.Rg2 Ke7 41.Kg3 Qc5 42.Kh2 Rcd7 43.Rgd2 Rd6
44.Kg2 Rh8 45.Kf1 Rhd8 46.Qg2 Bc8 47.Qf3 Rf8 48.Rf2 Bd7 49.Ke2 Kd8 50.Qe3 Qxe3+
51.Kxe3 Ke7 52.Ke4 Rb6 53.Rg3 Kd6 54.Rc2 Rh8 55.Rgc3 Rc8 56.a3 Rcb8 57.Rh3 Rh8
58.Rch2 Kc5 59.Bf1 Kd6 60.Rc2 Rc8 61.Rxc8 Bxc8 62.Rg3 Rb7 63.g5 hxg5 64.hxg5 Rf7
65.gxf6 gxf6 66.Rg8 Bb7 67.Bc4 Rh7 68.Rf8 Rh4+ 69.Ke3 Rh6 70.Re8 Kc5 71.Rd8 Rh3+
72.Kd2 Rh7 73.Ke3 Rh3+ 74.Kf2 Rh7 75.Rf8 Rh6 76.Kg3 Bxd5 77.Rc8+ Bc6 78.Be6 Kb6
79.Rg8 Rh1 80.Rg6 Kc5 81.Rxf6 e4 82.Bc4 e3 83.Re6 Rg1+ 84.Kf4  1-0

[Event "1st League Cent-SRB 2013"]
[Site "Kragujevac SRB"]
[Date "2013.09.15"]
[Round "3.4"]
[White "Stojanovski,D"]
[Black "Cabrilo,G"]
[Result "1/2-1/2"]
[WhiteElo "2436"]
[BlackElo "2388"]

1.e4 c5 2.Nc3 e6 3.Nge2 Nc6 4.d4 cxd4 5.Nxd4 a6 6.Nb3 Nf6 7.Bd3 Be7 8.f4 d6
9.Qf3 Qc7 10.O-O O-O 11.Bd2 b5 12.a3 Bb7 13.Qh3 b4 14.axb4 Nxb4 15.Na5 Nxd3
16.cxd3 Rad8 17.Rfc1 Qd7  1/2-1/2

[Event "I Azuqueca Chess Classic 2013"]
[Site "Azuqueca de Henares ESP"]
[Date "2013.09.16"]
[Round "3.5"]
[White "Gascon,Jose Rafael"]
[Black "Fernandez Romero,Ern"]
[Result "0-1"]
[WhiteElo "2268"]
[BlackElo "2465"]

1.e4 c5 2.Nf3 e6 3.d4 cxd4 4.Nxd4 Nc6 5.Nc3 Qc7 6.Be3 a6 7.Bd3 Nf6 8.O-O Ne5
9.h3 Bc5 10.f4 d6 11.Qe1 Ng6 12.Kh1 O-O 13.f5 Ne5 14.Qh4 b5 15.Rf3 Nxf3 16.gxf3 Ne8
17.e5 g6 18.Ne4 exf5 19.Nf6+ Nxf6 20.exf6 Kh8 21.Bh6 Rg8 22.Re1 Bxd4 23.Re7 Qc6
24.Be4 Qc4 25.Bd3 Qd5 26.Be2 Be6  0-1

[Event "I Azuqueca Chess Classic 2013"]
[Site "Azuqueca de Henares ESP"]
[Date "2013.09.16"]
[Round "3.1"]
[White "Huerga Leache,M"]
[Black "Bruzon Batista,L"]
[Result "1/2-1/2"]
[WhiteElo "2433"]
[BlackElo "2699"]

1.e4 c5 2.Nf3 e6 3.d4 cxd4 4.Nxd4 Nc6 5.Nc3 Qc7 6.Be3 a6 7.Qd2 Nf6 8.O-O-O Be7
9.f3 b5 10.g4 Nxd4 11.Qxd4 Bb7 12.Kb1 b4 13.Ne2 Rc8 14.Rd2 e5 15.Qb6 Qxb6
16.Bxb6 d5 17.Ng3 dxe4 18.g5 Nd7 19.Be3 exf3 20.Bh3 Rc7 21.Rhd1 Nc5 22.Nf5 Bc8
23.Nxg7+ Kf8 24.Bxc8 Kxg7 25.Bg4 Ne4 26.Rd5 f2 27.Bf5 Bxg5 28.Bxg5 Nxg5 29.R5d2 Rc4
30.Rxf2 Re8 31.Rg1 h6 32.Bg4 Kf8 33.Kc1 a5 34.Rf6 Ne4 35.Rxh6 Ke7 36.Ra6 Nf6
37.Ra7+ Kf8 38.Be2 Rh4 39.Rf1 Re7 40.Rxa5 Rxh2 41.Bc4 Kg7 42.Rg1+ Kh7 43.a3 bxa3
44.Rxa3 e4 45.Ra6 Nh5 46.Ra5 Rc7 47.b3 Ng7 48.Ra8 Nf5 49.Rag8 f6 50.R8g4 Nd6
51.R4g2 Rxg2 52.Rxg2 Nxc4 53.bxc4 Rxc4 54.Kd2 f5 55.Ke3 Rc3+ 56.Kd4 Rf3 57.c4 e3
58.c5 Rf2 59.Rg1 f4 60.c6 Rc2 61.Ke4 Rc4+ 62.Kf3 Rxc6 63.Kxf4 e2 64.Re1 Re6
65.Kf3 Kg6 66.Rxe2 Rxe2 67.Kxe2  1/2-1/2

[Event "TCh-CRO w Liga 2013"]
[Site "Bol CRO"]
[Date "2013.09.16"]
[Round "3.2"]
[White "Grgic,N"]
[Black "Purgar,I"]
[Result "0-1"]
[WhiteElo "1874"]
[BlackElo "2118"]

1.e4 c5 2.Nf3 e6 3.d4 cxd4 4.Nxd4 Nc6 5.Nc3 a6 6.Nxc6 bxc6 7.Bd3 Qc7 8.O-O Nf6
9.Qe2 e5 10.Kh1 Be7 11.f4 d6 12.f5 O-O 13.Bg5 Bb7 14.Bc4 a5 15.Rf3 Rad8 16.Rd1 h6
17.Bxf6 Bxf6 18.Rh3 Qe7 19.Qg4 Bg5 20.Rh5 Kh7 21.Bd3 Qf6 22.Rf1 d5 23.h4 Bd2
24.Qe2 Bxc3 25.bxc3 c5 26.exd5 Bxd5 27.Kg1 Rfe8 28.Be4 Qc6 29.Bxd5 Qxd5 30.f6 g6
31.Qg4 Rg8 32.Rxh6+ Kxh6 33.Qg5+ Kh7 34.h5 e4 35.hxg6+ Rxg6 36.Qh4+ Rh6 37.Qg4 Rg8  0-1

[Event "Dnipropetrovsk A 2013"]
[Site "Dnipropetrovsk UKR"]
[Date "2013.09.16"]
[Round "2.2"]
[White "Orlyanskaya,D"]
[Black "Tsirulnik,Mari"]
[Result "1-0"]
[WhiteElo "2053"]
[BlackElo "2174"]

1.e4 c5 2.Nf3 e6 3.d4 cxd4 4.Nxd4 Nc6 5.Nc3 Qc7 6.Be3 a6 7.Be2 Nf6 8.a3 d6
9.Qd2 Be7 10.f4 O-O 11.O-O-O e5 12.Nf5 Bxf5 13.exf5 Rac8 14.g4 d5 15.fxe5 Nxe5
16.Bd4 Rfd8 17.Rhe1 Ne4 18.Nxe4 dxe4 19.c3 Bh4 20.Rf1 Nc6 21.Qe3 Qe7 22.Kb1 Bg5
23.f6 gxf6 24.Qg3 Nxd4 25.cxd4 Qd6 26.Qb3 b5 27.Rh1 Qd5 28.Qg3 Bh6 29.h4 Bf8
30.Rhf1 Qe6 31.Qe3 Rd5 32.Rf4 Bh6 33.g5 fxg5 34.Rxe4 Qc6 35.hxg5 Rxg5 36.Rh4 Rg6
37.Qd3 Qf6 38.Rdh1 Rd8 39.Bf3 Bg7 40.Bh5 Rg2 41.Bf3 Rg6 42.Bh5 Rg2 43.Bf3 Rf2
44.Be4 h6 45.Rg4 Kf8 46.Rc1 Rxb2+ 47.Kxb2 Rxd4 48.Qc3 Rd2+ 49.Kb1 Rb2+ 50.Kxb2 Qf2+
51.Rc2 Bxc3+ 52.Kxc3 Qf6+ 53.Kd3 Qf1+ 54.Ke3 Qe1+ 55.Kf4 Qf1+ 56.Kg3 Qe1+
57.Rf2 Qc3+ 58.Rf3 Qe5+ 59.Rgf4 Qg7+ 60.Kh3 a5 61.Bd5 Qg5 62.Rxf7+ Ke8 63.Bc6+ Kd8
64.Rd7+  1-0

[Event "52nd World Juniors"]
[Site "Kocaeli TUR"]
[Date "2013.09.16"]
[Round "4.17"]
[White "Ochsner,B"]
[Black "Iermito,S"]
[Result "0-1"]
[WhiteElo "2366"]
[BlackElo "2462"]

1.e4 c5 2.Nf3 e6 3.d4 cxd4 4.Nxd4 Nc6 5.Nc3 Qc7 6.Be3 a6 7.Qd2 Nf6 8.O-O-O Be7
9.f3 h5 10.Qf2 d6 11.Kb1 Ne5 12.h3 b5 13.f4 Ned7 14.a3 Bb7 15.Bd3 Nc5 16.Qf3 d5
17.e5 Nfe4 18.Nce2 h4 19.Qg4 g6 20.Nb3 O-O-O 21.Nxc5 Bxc5 22.Nd4 Qb6 23.c3 a5
24.Rc1 Kb8 25.Qd1 b4 26.axb4 axb4 27.Qb3 Rc8 28.Rhd1 Rhd8 29.Rc2 Rd7 30.Bg1 bxc3
31.Qxb6 Bxb6 32.Bxe4 dxe4 33.bxc3 Ba6 34.Rb2 Rb7 35.Kc2 Bd3+ 36.Kd2 Bxd4
37.Rxb7+ Kxb7 38.Bxd4 Ra8 39.Ke1 Kc6 40.Bf2 Kd5 41.Bxh4 Kc4 42.Bf2 Bc2 43.Rc1 Kd3
44.Kf1 e3 45.Be1 Ra4 46.Bg3 Kd2 47.Re1 Bd3+ 48.Kg1 Ra2 49.Bh4 Rc2 50.g4 Rxc3
51.f5 exf5 52.gxf5 Bxf5 53.Ra1 Kd3 54.Kg2 Ke4 55.Bf6 Kf4 56.Rf1+ Ke4 57.Ra1 Be6
58.Re1 Rc2+ 59.Kg3 Rf2 60.h4 Rf3+ 61.Kg2 Bh3+ 62.Kg1 Be6 63.Kg2 Bc4 64.Bg5 e2
65.e6 fxe6 66.Be7 Rf1 67.Bb4 Kf4 68.Bd6+ Ke3 69.Bc5+ Kd2 70.Bb4+ Kc2 71.Kg3 Bd3
72.Kg2 e5 73.Kg3 e4 74.Kg2 e3  0-1

[Event "52nd World Juniors"]
[Site "Kocaeli TUR"]
[Date "2013.09.16"]
[Round "4.20"]
[White "Benitez Lozano,J"]
[Black "Firat,B"]
[Result "1-0"]
[WhiteElo "2308"]
[BlackElo "2423"]

1.e4 c5 2.Nf3 e6 3.d4 cxd4 4.Nxd4 Nc6 5.Nc3 Qc7 6.Be3 Nf6 7.f3 Bb4 8.Qd2 d5
9.a3 Qa5 10.Nb3 Bxc3 11.bxc3 Qc7 12.Bf4 e5 13.Bg5 dxe4 14.Bxf6 gxf6 15.fxe4 Be6
16.Nc5 Qb6 17.Na4 Qa5 18.Nb2 Rd8 19.Bd3 Rg8 20.Nd1 f5 21.exf5 Bxf5 22.O-O e4
23.Qe3 Qe5 24.Bc4 Rd6 25.Rb1 Rdg6 26.Rf2 Na5 27.Rb5 Qd6 28.Bxf7+ Kxf7 29.Rbxf5+ Kg7
30.Rd2 Qb6 31.Qxb6 axb6 32.Ne3 Rc8 33.Rd7+ Kg8 34.Nd5  1-0

[Event "1st League Cent-SRB 2013"]
[Site "Kragujevac SRB"]
[Date "2013.09.16"]
[Round "4.4"]
[White "Brankovic,De"]
[Black "Ilic,Zo1"]
[Result "1/2-1/2"]
[WhiteElo "2364"]
[BlackElo "2285"]

1.e4 c5 2.Nf3 e6 3.d4 cxd4 4.Nxd4 Nc6 5.Nc3 Qc7 6.Be2 a6 7.O-O Nf6 8.Be3 Be7
9.f4 d6 10.Qe1 O-O 11.Qg3 Nxd4 12.Bxd4 b5 13.a3 Bb7 14.Rae1 Rad8 15.Kh1 Rd7
16.Bd3 Re8 17.e5 dxe5 18.Bxe5 Qd8 19.Ne4 Nh5 20.Qg4 g6 21.f5 exf5 22.Rxf5  1/2-1/2

[Event "52nd World Juniors 2013"]
[Site "Kocaeli TUR"]
[Date "2013.09.17"]
[Round "5.16"]
[White "Pavlidis,Ant"]
[Black "Dragomirescu,R"]
[Result "1/2-1/2"]
[WhiteElo "2471"]
[BlackElo "2349"]

1.e4 c5 2.Nf3 Nc6 3.d4 cxd4 4.Nxd4 e6 5.Nc3 Qc7 6.f4 a6 7.Nxc6 Qxc6 8.Bd3 b5
9.Qe2 Bb7 10.Bd2 Rc8 11.a4 b4 12.Nd5 Nf6 13.Nxb4 Bxb4 14.Bxb4 Nxe4 15.c3 Nc5
16.Bc2 O-O 17.O-O-O a5 18.Bxc5 Qxc5 19.Qd3 f5 20.Rhg1 Rb8 21.Qd4 Qxd4 22.Rxd4 Bc6
23.b4 Rfc8 24.Kb2 Kf7 25.b5 Bxb5 26.axb5 Rxb5+ 27.Kc1 Rxc3 28.Rxd7+ Kf6 29.Rgd1 h6
30.R1d3 Rxd3 31.Rxd3 Rb4 32.g3 g5 33.fxg5+ hxg5 34.Ra3 Rb5 35.Kd2 Rb8 36.Ra1 Rh8
37.Rh1 g4 38.Ke3 Kg5 39.Kd4 Kf6 40.Ke3 Kg5 41.Bb3 e5 42.Bd5 f4+ 43.Ke2 Rb8
44.Kd3 Rb2 45.Re1 Kf5 46.gxf4 exf4 47.Be6+ Kg5 48.Rg1 Rxh2 49.Bxg4 Rb2 50.Bd7+ Kf6
51.Ra1 Rb7 52.Bc6 Rb6 53.Bd5 Rb5 54.Kc4 Rb4+ 55.Kc5 Rb2 56.Kd4 Rb4+ 57.Bc4 Kf5
58.Rxa5+ Kg4 59.Kc3 Rb8 60.Kd2 Kf3 61.Rg5 Kf2 62.Bd5 Rf8 63.Rg2+ Kf1 64.Rh2 Kg1
65.Rh3 Rd8 66.Rh5 Kf2 67.Rf5 Kg3 68.Rg5+ Kh4 69.Re5 Kg3 70.Ke2 Rd7 71.Be4 Rg7
72.Kf1 Rg8 73.Ra5 Re8 74.Bg6 Rc8 75.Rg5+ Kh4 76.Rf5 Kg3 77.Bh5 Rc3 78.Bd1 f3
79.Rg5+ Kf4 80.Rd5 Kg3 81.Rd8 Ra3 82.Rd7 Rc3 83.Rg7+ Kf4 84.Kf2 Ra3 85.Rf7+ Ke5
86.Rf8 Rc3 87.Bxf3 Rc2+ 88.Kg3 Rc4 89.Rh8 Kf5 90.Rh5+ Kg6 91.Ra5 Rb4 92.Kf2 Rb3
93.Ke2 Kf6 94.Be4 Rc3 95.Bd3 Rb3 96.Ke3 Rb4 97.Be4 Rb3+ 98.Kf4 Rb6 99.Rh5 Rd6
100.Bd5 Kg6 101.Rg5+ Kf6 102.Rf5+ Kg6 103.Bf7+ Kg7 104.Kg5 Kf8 105.Bc4+ Ke7
106.Rf7+ Kd8 107.Kf5 Rd7 108.Rf6 Kc7 109.Ke5 Rd2 110.Bd5 Re2+ 111.Be4 Rd2
112.Rc6+ Kd7 113.Rc3 Ke7 114.Rc1 Re2 115.Rc7+ Kf8 116.Kf5 Re1 117.Bd5 Rf1+
118.Ke6 Re1+ 119.Kd6 Rf1 120.Be6 Rf2 121.Ke5 Ke8 122.Bf5 Kd8 123.Rh7 Re2+
124.Kf6 Rd2 125.Be6 Rd1 126.Ke5 Ke8 127.Bf7+ Kf8 128.Bc4 Rd2 129.Rf7+ Ke8
130.Ke6 Rd1 131.Rh7 Re1+ 132.Kd6 Rd1+ 133.Bd5 Kf8 134.Rf7+ Ke8 135.Rf2 Rd4
136.Re2+ Kf8 137.Rg2  1/2-1/2

[Event "52nd World Juniors 2013"]
[Site "Kocaeli TUR"]
[Date "2013.09.17"]
[Round "5.11"]
[White "Narayanan,SL"]
[Black "Cori,J"]
[Result "0-1"]
[WhiteElo "2408"]
[BlackElo "2587"]

1.e4 c5 2.Nf3 e6 3.d4 cxd4 4.Nxd4 Nc6 5.Nc3 Qc7 6.Be2 a6 7.O-O Nf6 8.Kh1 Nxd4
9.Qxd4 Bc5 10.Qd2 O-O 11.Qg5 Bd4 12.Bd3 d6 13.f4 Bxc3 14.bxc3 d5 15.e5 Ne4
16.Qh4 b5 17.Ba3 Re8 18.Rae1 Bb7 19.Re3 h6 20.Bxe4 dxe4 21.Bd6 Qd7 22.g4 f5
23.Rg1 fxg4 24.Rxg4 Kh8 25.Qh5 Rf8 26.Kg1 Rf5 27.Qh4 Bd5 28.Reg3 Qa7+ 29.Kf1 Rg8
30.Be7 Kh7 31.Ke1 Qc7 32.Bg5 e3 33.Rxe3 Qf7 34.Rh3 Qf8 35.Be7 Qf7 36.Bf6 h5
37.Rg5 Rxg5 38.Qxg5 g6 39.a3 Be4 40.Qg1 Bf5 41.Rg3 Qb7 42.Qg2 Be4 43.Qd2 Rc8
44.Qd6 Bf5 45.Kd2 Kg8 46.Kc1 Kf7 47.Kb2 a5 48.Rg2 Rc6 49.Qd8 b4 50.cxb4 axb4
51.a4 Rc8 52.Qd6 b3  0-1

[Event "TCh-CRO Ia Liga 2013"]
[Site "Bol CRO"]
[Date "2013.09.18"]
[Round "5.4"]
[White "Zivkovic,Ni"]
[Black "Jovanic,O"]
[Result "0-1"]
[WhiteElo "2234"]
[BlackElo "2508"]

1.e4 c5 2.Nf3 e6 3.d4 cxd4 4.Nxd4 Nc6 5.Nc3 Qc7 6.Be3 Nf6 7.Bd3 a6 8.O-O h5
9.h3 b5 10.f4 Bc5 11.Nce2 Bb7 12.c3 d6 13.Qd2 Ne7 14.f5 e5 15.Nb3 Bb6 16.a4 Nxe4
17.Bxe4 Bxe4 18.f6 gxf6 19.axb5 Rg8 20.Rf2 Nf5 21.Rxf5 Bxf5 22.Kh2 Be6 23.Nec1 Ke7
24.bxa6 h4 25.Bxb6 Qxb6 26.Na5 Rg3 27.Nd3 Qe3 28.Qxe3 Rxe3 29.Nb4 Re2 30.b3 Kd7
31.c4 Kc7 32.Nac6 Rb2 33.Na5 Rg8 34.Kh1 Rgxg2 35.a7 Rh2+ 36.Kg1 Rbg2+ 37.Kf1 Bxh3  0-1

[Event "52nd World Juniors 2013"]
[Site "Kocaeli TUR"]
[Date "2013.09.18"]
[Round "6.55"]
[White "Karabayir,M"]
[Black "Garcia Herrera,Enrique Ric"]
[Result "1-0"]
[WhiteElo "1926"]
[BlackElo "1653"]

1.e4 c5 2.Nc3 e6 3.Nf3 Nc6 4.d4 cxd4 5.Nxd4 a6 6.Be2 Qc7 7.O-O Nf6 8.a4 Be7
9.Nb3 b6 10.f4 d6 11.Be3 O-O 12.Bf3 Bb7 13.g4 Rfe8 14.g5 Nd7 15.Bg2 Bf8 16.Rf3 g6
17.Rh3 Bg7 18.Qd2 Rad8 19.Qf2 Nb4 20.Rf1 Rc8 21.Kh1 Qc6 22.Bd4 Bxd4 23.Nxd4 Qc7
24.Nd1 d5 25.c3 Nc6 26.f5 exf5 27.exf5 Nxd4 28.Ne3 Qd6 29.Qh4 Nf8 30.Qh6  1-0

[Event "52nd World Juniors 2013"]
[Site "Kocaeli TUR"]
[Date "2013.09.18"]
[Round "6.20"]
[White "Muhammad,Luthfi Ali"]
[Black "Firat,B"]
[Result "1-0"]
[WhiteElo "2277"]
[BlackElo "2423"]

1.e4 c5 2.Nf3 e6 3.d4 cxd4 4.Nxd4 Nc6 5.Nc3 Qc7 6.Be3 Nf6 7.f4 Bb4 8.Nb5 Qa5
9.e5 Nd5 10.Bd2 Nxc3 11.Bxc3 Bxc3+ 12.Nxc3 Qb4 13.Qd2 Qxb2 14.Rb1 Qa3 15.Bd3 O-O
16.O-O d5 17.exd6 Rd8 18.Rfd1 Rxd6 19.Bxh7+ Kxh7 20.Qxd6 Qxc3 21.Rb3 Qf6
22.Qf8 Nd4 23.Rh3+ Kg6 24.Qh8 Ne2+ 25.Kf2 Qxf4+ 26.Kxe2 Qg4+ 27.Ke1 Qb4+
28.c3 Qe4+ 29.Kf1 Qc4+ 30.Kg1  1-0

[Event "52nd World Juniors 2013"]
[Site "Kocaeli TUR"]
[Date "2013.09.18"]
[Round "6.12"]
[White "Kurayan,R"]
[Black "Stukopin,A"]
[Result "0-1"]
[WhiteElo "2398"]
[BlackElo "2522"]

1.e4 c5 2.Nf3 e6 3.d4 cxd4 4.Nxd4 Nc6 5.Nc3 Qc7 6.Be3 a6 7.Qd2 Nf6 8.O-O-O Be7
9.f3 b5 10.g4 Nxd4 11.Bxd4 Bb7 12.Kb1 O-O 13.h4 Rac8 14.Bd3 e5 15.Be3 Bb4
16.Qh2 Bxc3 17.bxc3 Qxc3 18.Bc1 d6 19.h5 Nd7 20.Qh4 f6 21.g5 fxg5 22.Qxg5 Rf7
23.Rh2 Nc5 24.Be2 Qa5 25.Bf1 Rxf3 26.h6 g6 27.Bh3 Re8 28.Bf5 Nxe4 29.Bxe4 Bxe4
30.Qg4 Bc6 31.Rxd6 Qe1  0-1